| 000 | 00612nam a22001697a 4500 | ||
|---|---|---|---|
| 008 | 160229b xxu||||| |||| 00| 0 eng d | ||
| 082 |
_a707.4 _bC177p |
||
| 100 |
_aCambre, Juan José _94802 |
||
| 245 | _aJuan José Cambre : Pinturas 2001-2004 | ||
| 246 | _aJuan José Cambre | ||
| 260 |
_aSan José : _bMuseo Histórico Dr. Rafael Calderón Guardia, _c2004 |
||
| 300 |
_a37 p. ; _bill. (col.) ; _c23 cm. |
||
| 500 | _aTextos en inglés y español. | ||
| 600 |
_aCambre, Juan José _b1948- _xExhibiciones _94806 |
||
| 650 |
_aPintura _zArgentina _94807 |
||
| 650 |
_aMuseo Calderón Guardia _xExhibiciones _yS. 21 _94808 |
||
| 999 |
_c873 _d873 |
||